| Tag |
First Indicator |
Second Indicator |
Subfields |
| LEADER |
00000cas a2200000 a 4500 |
| 001 |
in00001170813 |
| 007 |
he bmb024bbca |
| 008 |
940125c19889999dcuar b f0 0eng d |
| 005 |
20230331145015.5 |
| 010 |
|
|
|a sn 94027411
|
| 035 |
|
|
|a (OCoLC)ocm29682755
|
| 035 |
|
|
|a (OCoLC)29682755
|
| 035 |
|
|
|9 AGF6549AM
|
| 035 |
|
|
|a in00001170813
|
| 040 |
|
|
|a GPO
|c GPO
|d MvI
|d UtOrBLW
|
| 042 |
|
|
|a lcd
|
| 043 |
|
|
|a n-us---
|
| 049 |
|
|
|a UMIC
|
| 074 |
|
|
|a 0006-J (MF)
|
| 086 |
0 |
|
|a A 1.1/6:
|
| 110 |
1 |
|
|a United States.
|b Department of Agriculture.
|b Office of the Inspector General.
|
| 245 |
1 |
0 |
|a Office of Inspector General ... annual plan.
|
| 264 |
|
1 |
|a Washington, DC :
|b U.S. Dept. of Agriculture, Office of Inspector General,
|c 1987-
|
| 336 |
|
|
|a text
|b txt
|2 rdacontent
|
| 337 |
|
|
|a microform
|b h
|2 rdamedia
|
| 338 |
|
|
|a microfiche
|b he
|2 rdacarrier
|
| 362 |
0 |
|
|a FY 1988-
|
| 300 |
|
|
|a volumes :
|b illustrations ;
|c 28 cm.
|
| 310 |
|
|
|a Annual
|
| 500 |
|
|
|a Paper copies available from: Office of the Inspector General, Dept. of Agriculture, 14th and Independence Ave. SW, Washington, DC 20250.
|
| 515 |
|
|
|a Plan year ends Sept. 30.
|
| 533 |
|
|
|a Microfiche.
|m <FY 1993->.
|b [Washington, D.C.] :
|c Supt. of Docs., U.S. G.P.O.
|e microfiches : negative.
|
| 500 |
|
|
|a Microform.
|
| 610 |
1 |
0 |
|a United States.
|b Department of Agriculture
|x Auditing
|v Periodicals.
|
| 610 |
1 |
0 |
|a United States.
|b Department of Agriculture.
|b Office of the Inspector General
|v Periodicals.
|
| 776 |
1 |
|
|c Original.
|
| 856 |
4 |
1 |
|u https://purl.fdlp.gov/GPO/LPS31048
|t 0
|
| 948 |
|
|
|b ocm29682755
|
| 999 |
|
|
|a MARS
|
| 999 |
f |
f |
|i c675633a-92b8-30cd-b216-97ebfce7caae
|s 220eb315-58e6-3426-a97c-83ca8f94d2cf
|t 0
|
| 952 |
f |
f |
|a Texas A&M University
|b College Station
|c Electronic Resources
|d Available Online
|t 0
|e A 1.1/6:
|h Superintendent of Documents classification
|
| 998 |
f |
f |
|a A 1.1/6:
|t 0
|l Available Online
|